00725nam a22002177a 4500999001500000001000500015003000900020005001700029008004100046020001500087040003300102082001900135100002200154245003900176260005200215300004600267504003900313650002600352942001200378952011700390 c6508d65083717BD-DhUAP20210103143736.0201222r19901982at a b 001 0 eng  a0170060543 aDNLM/DLCcDLCdBD-DhUAPbeng00a808.81 STE223 aStewart, Maureen. aPoetry in time /cMaureen Stewart. aMelbourne : bNelson, cc1982 [Reprinted 1990]. axiv, 262 pages :billustrations ;c22 cm. aIncludes bibliographies and index. aPoetry vCollections. 2ddccBK 00102ddc4070aUAPCLbUAPCLcGeneral Stacksd2021-01-03o808.81 STEp3010003717r2021-01-03t1w2021-01-03yBK